| 000 | 00596nam a2200193Ia 4500 | ||
|---|---|---|---|
| 003 | GCL | ||
| 008 | 140319s9999 xx 000 0 ara d | ||
| 040 |
_aGCL / _cGCL |
||
| 082 | 0 | 4 |
_a811.6 _bا م |
| 100 | 1 | _aاحسان عباس | |
| 245 | 1 | 0 |
_aالموشحات الاندلسية: نشاطها وتطورها / _cاحسان عباس |
| 260 |
_a[S.N] : _bدار مكتبة الحياة |
||
| 300 | _a316 ص | ||
| 490 | _a | ||
| 650 | 0 | 4 | _aالموشحات الاندلسية |
| 650 | 0 | 4 | _aالغناء العربى |
| 650 | 0 | 4 | _aالشعر العربى - الاندلسى |
| 942 |
_2ddc _cBK |
||
| 999 |
_c36490 _d36490 |
||